01101nam a22002417a 450000100060000000300080000600500170001400800410003103500190007204000350009104100080012608200300013410000180016424502240018226001090040630000380051550201170055350400340067065000320070465000310073670000420076770000500080980003BD-RjUL20230515154820.0220620s2008 bg a|||| m||| 00| 0 eng d a(BD-RjUL)80003 aBD-RjULbengcBD-RjULdBD-RjUL aeng 223a615.3215492bNAP 2008 aNahar, Ainun10aPhytochemical and biological screening of some selected antimycotic medicinal plants in Bangladesh /cBy Ainun Nahar :6Principal Supervisor : M. Shah Alam, Co - Supervisor : K A S M, Ziaus Shams Asadi & Md. Nurul Islam aRajshahi :bMolecular Biology Laboratory Institute of Biological Sciences, University of Rajshahi,c2088 a{8}, 152 leaves :bill, ;c29.cm. aThesis (M. Phil.) -- Molecular Biology Laboratory Institute of Biological Sciences, University of Rajshahi, 2008 aReferences : Leaves 138 - 152 aPharmacologyvDrugs derived aPhytochemical zBangladesh aAlam, M. Shah, Principal Supervisor  aAsadi, K A S M, Ziaus Shams, Co - Supervisor